Guess the station (MRT) Philippines - Statistics

General Stats
  • This quiz has been taken 41 times
  • The average score is 11 of 13
Answer Stats
Answer % Correct
Shaw Boulevard
92%
Taft Avenue
92%
Araneta Center-Cubao
88%
Guadalupe
88%
Ortigas
88%
Ayala
84%
Boni
84%
GMA Kamuning
84%
Magallanes
80%
North Avenue
80%
Quezon Avenue
80%
Santolan-Annapolis
80%
Buendia
76%
No matching quizzes found
Score Distribution
Percent of People with Each Score
Percentile by Number Answered
Your Score History
You have not taken this quiz